| 000 | 00907nam a22002537a 4500 | ||
|---|---|---|---|
| 003 | DO-SdBNP | ||
| 005 | 20211026142330.0 | ||
| 007 | ta | ||
| 008 | 210609e2012 dr ac||gr|||| 00| edspa d | ||
| 020 | _a9789945005196 | ||
| 040 |
_aDO-SdBNP _bspa _cBNPHU |
||
| 041 | _hspa | ||
| 082 | 4 |
_222 _bH557p |
|
| 100 | 1 |
_aHernández Reinoso, Nimio, _d1966- _q(Padre Julián) _978775 |
|
| 245 | 1 | 0 |
_aPadre Luis Quinn : _bsacerdote ante todo / _cNimio Hernández Reinoso ; edición diagramación y diseño de portada Santa Elizabeth Pujols Díaz |
| 260 |
_aSanto Domingo : _bAmigo del Hogar, _c2012. |
||
| 300 |
_a527 p. : _bil., retr. ; _c23 cm. |
||
| 590 | _aInventariado, 2021/MF | ||
| 600 | 1 | 0 |
_aQuinn Cassidy, Luis José, _d1928-2007 _980356 |
| 650 | 1 | 4 |
_aSacerdotes obreros _xRepública Dominicana _978777 |
| 700 | 1 | 2 |
_aPujols Díaz , Santa Elizabeth, _d1991- _eed.,diagr. _978778 |
| 910 | _aMF | ||
| 942 |
_2ddc _cLBS1 |
||
| 999 |
_c49897 _d49897 |
||